00382 2200157 4500001002100000008004100021035002000062245004100082100001300123250000600136260003400142084001400176082000800190650001400198990001200212INLIS000000000001572 ind  a0010-0125000070 aTeknologi Dalam MasyarakatcPipit P. aPipit P. a1 aJakarta :bGaneca Exactc2007 a600 PIP t a600 aNon Fiksi a0714455